[Event "9th RTU Open 2019"]
[Site "Riga"]
[Date "2019.08.07"]
[Round "4.15"]
[White "Gukesh D"]
[Black "Keinanen, Toivo"]
[Result "1/2-1/2"]
[WhiteElo "2520"]
[BlackElo "2386"]
[Annotator "ChessBase"]
[PlyCount "57"]
[EventDate "2019.08.05"]
[EventType "swiss"]
[EventCountry "LAT"]
[SourceTitle "playchess.com"]
[Source "ChessBase"]
[SourceQuality "1"]
[TimeControl "5400+30"]

1. Nf3 {[%emt 0:00:00]} d5 {[%emt 0:05:12]} 2. g3 {[%emt 0:00:00]} Nf6 {[%emt 0:00:08]} 3. Bg2 {[%emt 0:00:05]} e6 {[%emt 0:00:04]} 4. O-O {[%emt 0:00:10]} Be7 {[%emt 0:00:04]} 5. d3 {[%emt 0:01:11]} O-O {[%emt 0:00:40]} 6. Nbd2 {[%emt 0:00:13]} c5 {[%emt 0:00:13]} 7. e4 {[%emt 0:00:09]} Nc6 {[%emt 0:00:26]} 8. Re1 {[%emt 0:00:41]} b5 {[%emt 0:00:11]} 9. a4 {[%emt 0:05:18]} b4 {[%emt 0:03:10]} 10. exd5 {[%emt 0:00:22]} exd5 {[%emt 0:01:12]} 11. d4 {[%emt 0:00:16]} cxd4 {[%emt 0:03:37]} 12. Nb3 {[%emt 0:00:11]} Bg4 {[%emt 0:00:40]} 13. Qd3 {[%emt 0:13:54]} Bxf3 {[%emt 0:20:24]} 14. Bxf3 {[%emt 0:00:48]} Rc8 {[%emt 0:00:33]} 15. Re2 {[%emt 0:14:50]} Re8 {[%emt 0:06:36]} 16. Bf4 {[%emt 0:11:04]} Bd6 {[%emt 0:04:50]} 17. Rxe8+ {[%emt 0:02:01]} Nxe8 {[%emt 0:00:10]} 18. Bxd6 {[%emt 0:03:36]} Qxd6 {[%emt 0:01:25]} 19. Nxd4 {[%emt 0:04:11]} Nxd4 {[%emt 0:10:19]} 20. Qxd4 {[%emt 0:02:05]} Qf6 {[%emt 0:06:06]} 21. Qxd5 {[%emt 0:04:32]} Qxb2 {[%emt 0:02:01]} 22. Re1 {[%emt 0:02:40]} Nf6 {[%emt 0:01:41]} 23. Qb7 {[%emt 0:16:44]} Qxc2 {[%emt 0:02:49]} 24. Qxb4 {[%emt 0:03:07]} Qc3 {[%emt 0:05:28]} 25. Qxc3 {[%emt 0:00:49]} Rxc3 {[%emt 0:00:01]} 26. Rb1 {[%emt 0:04:19]} g6 {[%emt 0:07:32]} 27. Kg2 {[%emt 0:02:37]} Rc7 {[%emt 0:02:35]} 28. a5 {[%emt 0:04:03]} Nd7 {[%emt 0:02:14]} 29. a6 {[%emt 0:02:16]} 1/2-1/2

[Event "9th RTU Open 2019"]
[Site "Riga"]
[Date "2019.08.07"]
[Round "4.16"]
[White "Baskin, Robert"]
[Black "Thybo, Jesper Sondergaard"]
[Result "0-1"]
[WhiteElo "2398"]
[BlackElo "2528"]
[Annotator "ChessBase"]
[PlyCount "62"]
[EventDate "2019.08.05"]
[EventType "swiss"]
[EventCountry "LAT"]
[SourceTitle "playchess.com"]
[Source "ChessBase"]
[SourceQuality "1"]
[TimeControl "5400+30"]

1. e4 {[%emt 0:01:40]} c5 {[%emt 0:00:00]} 2. Nf3 {[%emt 0:00:09]} d6 {[%emt 0:00:00]} 3. d4 {[%emt 0:00:05]} cxd4 {[%emt 0:00:00]} 4. Nxd4 {[%emt 0:00:09]} Nf6 {[%emt 0:00:00]} 5. Nc3 {[%emt 0:00:05]} Nc6 {[%emt 0:00:06]} 6. f3 {[%emt 0:00:27]} e5 {[%emt 0:00:33]} 7. Nb3 {[%emt 0:00:07]} Be7 {[%emt 0:00:15]} 8. Be3 {[%emt 0:00:12]} Be6 {[%emt 0:00:17]} 9. Nd5 {[%emt 0:00:21]} Bxd5 {[%emt 0:00:29]} 10. exd5 {[%emt 0:00:06]} Nb4 {[%emt 0:00:07]} 11. c4 {[%emt 0:00:26]} a5 {[%emt 0:00:29]} 12. Qd2 {[%emt 0:02:36]} b6 {[%emt 0:00:24]} 13. Nc1 {[%emt 0:03:59]} O-O {[%emt 0:02:15]} 14. Be2 {[%emt 0:01:26]} Na6 {[%emt 0:02:30]} 15. O-O {[%emt 0:07:25]} Nh5 {[%emt 0:02:14]} 16. b3 {[%emt 0:11:00]} f5 {[%emt 0:02:27]} 17. a3 {[%emt 0:00:24]} f4 {[%emt 0:04:23]} 18. Bf2 {[%emt 0:00:09]} Bh4 {[%emt 0:00:36]} 19. Nd3 {[%emt 0:03:48]} Bg3 {[%emt 0:29:13]} 20. Rfb1 {[%emt 0:05:13]} Qh4 {[%emt 0:04:02]} 21. hxg3 {[%emt 0:06:57]} fxg3 {[%emt 0:02:27]} 22. Be3 {[%emt 0:00:26]} e4 {[%emt 0:12:48]} 23. Ne1 {[%emt 0:05:52]} Nf4 {[%emt 0:00:43]} 24. Bd1 {[%emt 0:08:50]} Qh2+ {[%emt 0:03:28]} 25. Kf1 {[%emt 0:01:04]} Qh1+ {[%emt 0:00:56]} 26. Bg1 {[%emt 0:00:05]} Rae8 {[%emt 0:02:42]} 27. Ra2 {[%emt 0:04:46]} Nc5 {[%emt 0:01:53]} 28. Qd4 {[%emt 0:02:47]} Nh3 {[%emt 0:04:28]} 29. b4 {[%emt 0:06:42]} exf3 {[%emt 0:01:32]} 30. Nxf3 {[%emt 0:04:51]} Re4 {[%emt 0:00:12]} 31. Qxe4 {[%emt 0:00:57]} Qxg1+ {[%emt 0:00:50]} 0-1

[Event "9th RTU Open 2019"]
[Site "Riga"]
[Date "2019.08.07"]
[Round "4.17"]
[White "Stauskas, Lukas"]
[Black "Sulskis, Sarunas"]
[Result "0-1"]
[WhiteElo "2306"]
[BlackElo "2528"]
[Annotator "ChessBase"]
[PlyCount "66"]
[EventDate "2019.08.05"]
[EventType "swiss"]
[EventCountry "LAT"]
[SourceTitle "playchess.com"]
[Source "ChessBase"]
[SourceQuality "1"]
[TimeControl "5400+30"]

1. d4 {[%emt 0:00:00]} Nf6 {[%emt 0:00:00]} 2. c4 {[%emt 0:00:00]} e6 {[%emt 0:00:00]} 3. Nc3 {[%emt 0:00:00]} Bb4 {[%emt 0:00:09]} 4. Qc2 {[%emt 0:00:00]} c5 {[%emt 0:01:39]} 5. dxc5 {[%emt 0:00:11]} O-O {[%emt 0:01:22]} 6. Nf3 {[%emt 0:00:20]} Na6 {[%emt 0:00:45]} 7. g3 {[%emt 0:00:20]} Nxc5 {[%emt 0:00:13]} 8. Bg2 {[%emt 0:00:08]} b6 {[%emt 0:00:37]} 9. O-O {[%emt 0:00:15]} Bb7 {[%emt 0:00:22]} 10. Nb5 {[%emt 0:00:36]} Be4 {[%emt 0:00:38]} 11. Qd1 {[%emt 0:00:23]} Nb7 {[%emt 0:01:11]} 12. a3 {[%emt 0:12:19]} Be7 {[%emt 0:08:43]} 13. Bf4 {[%emt 0:03:43]} Rc8 {[%emt 0:04:08]} 14. Rc1 {[%emt 0:03:51]} a6 {[%emt 0:01:15]} 15. Nd6 {[%emt 0:06:05]} Nxd6 {[%emt 0:06:54]} 16. Bxd6 {[%emt 0:00:06]} Bxd6 {[%emt 0:00:09]} 17. Qxd6 {[%emt 0:00:06]} Rc6 {[%emt 0:00:32]} 18. Qd4 {[%emt 0:02:03]} Qc7 {[%emt 0:09:04]} 19. Ne5 {[%emt 0:06:00]} Bxg2 {[%emt 0:05:20]} 20. Kxg2 {[%emt 0:00:26]} Rc5 {[%emt 0:00:21]} 21. Nd3 {[%emt 0:00:36]} Rh5 {[%emt 0:04:22]} 22. f3 {[%emt 0:24:35]} e5 {[%emt 0:03:44]} 23. Qe3 {[%emt 0:01:10]} e4 {[%emt 0:02:05]} 24. Nf2 {[%emt 0:02:29]} Re8 {[%emt 0:02:53]} 25. Qd4 {[%emt 0:03:51]} Qc6 {[%emt 0:02:27]} 26. Rfd1 {[%emt 0:01:02]} Rhe5 {[%emt 0:06:31]} 27. Rc3 {[%emt 0:01:32]} h5 {[%emt 0:00:53]} 28. Kf1 {[%emt 0:09:24]} exf3 {[%emt 0:14:14]} 29. exf3 {[%emt 0:00:11]} Re2 {[%emt 0:01:15]} 30. Rd2 {[%emt 0:05:45]} Re1+ {[%emt 0:03:56]} 31. Kg2 {[%emt 0:00:02]} Ng4 {[%emt 0:00:45]} 32. Qxd7 {[%emt 0:03:21]} Qxd7 {[%emt 0:01:11]} 33. Rxd7 {[%emt 0:00:07]} Nxf2 {[%emt 0:00:06]} 0-1

[Event "9th RTU Open 2019"]
[Site "Riga"]
[Date "2019.08.07"]
[Round "4.18"]
[White "Grigorov, Grigor"]
[Black "Maltsevskaya, Aleksandra"]
[Result "1-0"]
[WhiteElo "2501"]
[BlackElo "2294"]
[Annotator "ChessBase"]
[PlyCount "85"]
[EventDate "2019.08.05"]
[EventType "swiss"]
[EventCountry "LAT"]
[SourceTitle "playchess.com"]
[Source "ChessBase"]
[SourceQuality "1"]
[TimeControl "5400+30"]

1. Nf3 {[%emt 0:00:00]} Nf6 {[%emt 0:00:00]} 2. c4 {[%emt 0:00:00]} g6 {[%emt 0:00:38]} 3. b3 {[%emt 0:00:00]} Bg7 {[%emt 0:00:04]} 4. Bb2 {[%emt 0:00:00]} O-O {[%emt 0:00:07]} 5. g3 {[%emt 0:00:07]} d6 {[%emt 0:00:14]} 6. d4 {[%emt 0:00:10]} b6 {[%emt 0:06:14]} 7. Bg2 {[%emt 0:00:55]} Bb7 {[%emt 0:00:04]} 8. Nc3 {[%emt 0:03:09]} Ne4 {[%emt 0:02:34]} 9. O-O {[%emt 0:02:59]} Nd7 {[%emt 0:09:45]} 10. Qc2 {[%emt 0:03:42]} Nxc3 {[%emt 0:01:44]} 11. Bxc3 {[%emt 0:00:09]} e5 {[%emt 0:07:10]} 12. dxe5 {[%emt 0:12:44]} Nxe5 {[%emt 0:01:31]} 13. Nxe5 {[%emt 0:02:46]} Bxg2 {[%emt 0:00:09]} 14. Nxf7 {[%emt 0:00:22]} Rxf7 {[%emt 0:10:04]} 15. Kxg2 {[%emt 0:00:08]} Bxc3 {[%emt 0:00:02]} 16. Qxc3 {[%emt 0:00:10]} Qd7 {[%emt 0:00:03]} 17. e4 {[%emt 0:03:07]} Re8 {[%emt 0:01:38]} 18. Rae1 {[%emt 0:00:33]} a5 {[%emt 0:03:20]} 19. Re3 {[%emt 0:08:45]} a4 {[%emt 0:03:51]} 20. b4 {[%emt 0:07:52]} h5 {[%emt 0:07:02]} 21. h4 {[%emt 0:05:01]} Qc6 {[%emt 0:06:54]} 22. Qd4 {[%emt 0:02:23]} b5 {[%emt 0:02:13]} 23. Qd5 {[%emt 0:03:29]} Qxc4 {[%emt 0:04:04]} 24. Qxc4 {[%emt 0:00:08]} bxc4 {[%emt 0:00:03]} 25. Rc1 {[%emt 0:00:09]} Rfe7 {[%emt 0:09:55]} 26. Rxc4 {[%emt 0:00:28]} d5 {[%emt 0:00:04]} 27. exd5 {[%emt 0:00:10]} Rxe3 {[%emt 0:00:03]} 28. fxe3 {[%emt 0:00:09]} Rxe3 {[%emt 0:00:02]} 29. Rxc7 {[%emt 0:00:06]} Kf8 {[%emt 0:10:40]} 30. d6 {[%emt 0:02:56]} Rd3 {[%emt 0:01:18]} 31. Rc8+ {[%emt 0:00:29]} Kf7 {[%emt 0:00:05]} 32. Ra8 {[%emt 0:00:06]} Ke6 {[%emt 0:05:03]} 33. Rxa4 {[%emt 0:00:08]} Kf5 {[%emt 0:00:06]} 34. b5 {[%emt 0:03:53]} Rxd6 {[%emt 0:00:23]} 35. Rf4+ {[%emt 0:00:18]} Ke5 {[%emt 0:00:03]} 36. a4 {[%emt 0:00:05]} Rd2+ {[%emt 0:00:28]} 37. Kh3 {[%emt 0:02:46]} Rb2 {[%emt 0:00:14]} 38. Rc4 {[%emt 0:00:08]} Kf5 {[%emt 0:01:29]} 39. Rc5+ {[%emt 0:00:44]} Ke4 {[%emt 0:00:05]} 40. a5 {[%emt 0:00:50]} Kd4 {[%emt 0:00:15]} 41. Rg5 {[%emt 0:00:21]} Ke3 {[%emt 0:00:05]} 42. Rxg6 {[%emt 0:01:21]} Kf2 {[%emt 0:01:36]} 43. Rg5 {[%emt 0:00:34]} 1-0

[Event "9th RTU Open 2019"]
[Site "Riga"]
[Date "2019.08.07"]
[Round "4.19"]
[White "Salomon, Johan"]
[Black "Heinemann, Josefine"]
[Result "1-0"]
[WhiteElo "2514"]
[BlackElo "2255"]
[Annotator "ChessBase"]
[PlyCount "185"]
[EventDate "2019.08.05"]
[EventType "swiss"]
[EventCountry "LAT"]
[SourceTitle "playchess.com"]
[Source "ChessBase"]
[SourceQuality "1"]
[TimeControl "5400+30"]

1. c4 {[%emt 0:00:00]} c5 {[%emt 0:00:00]} 2. Nc3 {[%emt 0:00:00]} Nf6 {[%emt 0:00:00]} 3. g3 {[%emt 0:00:00]} d5 {[%emt 0:00:00]} 4. cxd5 {[%emt 0:00:00]} Nxd5 {[%emt 0:00:00]} 5. Bg2 {[%emt 0:00:04]} Nc7 {[%emt 0:00:04]} 6. d3 {[%emt 0:00:07]} e5 {[%emt 0:00:13]} 7. Nf3 {[%emt 0:00:06]} Nc6 {[%emt 0:00:05]} 8. Nd2 {[%emt 0:00:06]} Bd7 {[%emt 0:02:50]} 9. O-O {[%emt 0:00:25]} Be7 {[%emt 0:00:15]} 10. Nc4 {[%emt 0:00:18]} f6 {[%emt 0:01:18]} 11. f4 {[%emt 0:00:14]} O-O {[%emt 0:03:16]} 12. fxe5 {[%emt 0:07:23]} fxe5 {[%emt 0:00:25]} 13. Rxf8+ {[%emt 0:00:22]} Bxf8 {[%emt 0:03:07]} 14. a4 {[%emt 0:29:33]} Rb8 {[%emt 0:09:42]} 15. Be3 {[%emt 0:02:05]} Qe7 {[%emt 0:08:08]} 16. Qd2 {[%emt 0:09:06]} Nd4 {[%emt 0:07:26]} 17. Rf1 {[%emt 0:05:11]} Bc6 {[%emt 0:10:27]} 18. Bxc6 {[%emt 0:01:19]} Nxc6 {[%emt 0:00:08]} 19. Qd1 {[%emt 0:05:46]} Qe6 {[%emt 0:06:06]} 20. Ne4 {[%emt 0:02:09]} b6 {[%emt 0:01:33]} 21. Ng5 {[%emt 0:00:43]} Qd5 {[%emt 0:02:32]} 22. Rf5 {[%emt 0:03:28]} Be7 {[%emt 0:03:53]} 23. Ne4 {[%emt 0:00:08]} Qe6 {[%emt 0:03:38]} 24. Rf1 {[%emt 0:01:16]} h6 {[%emt 0:02:30]} 25. Bd2 {[%emt 0:01:38]} Nd5 {[%emt 0:01:01]} 26. Qe1 {[%emt 0:02:32]} Nf6 {[%emt 0:03:37]} 27. Nxf6+ {[%emt 0:00:53]} Bxf6 {[%emt 0:00:04]} 28. Bc3 {[%emt 0:02:33]} Rf8 {[%emt 0:01:10]} 29. e4 {[%emt 0:03:53]} Rd8 {[%emt 0:01:38]} 30. Qe2 {[%emt 0:00:26]} Ne7 {[%emt 0:01:59]} 31. Ne3 {[%emt 0:02:46]} Kh7 {[%emt 0:06:10]} 32. Ng4 {[%emt 0:01:19]} Ng8 {[%emt 0:02:17]} 33. Qf3 {[%emt 0:03:03]} Rd6 {[%emt 0:04:21]} 34. Kg2 {[%emt 0:01:45]} Qd7 {[%emt 0:04:28]} 35. Nxe5 {[%emt 0:02:00]} Bxe5 {[%emt 0:00:05]} 36. Bxe5 {[%emt 0:00:04]} Rxd3 {[%emt 0:00:10]} 37. Qf5+ {[%emt 0:00:15]} Qxf5 {[%emt 0:00:07]} 38. Rxf5 {[%emt 0:00:09]} Kg6 {[%emt 0:01:27]} 39. Rf3 {[%emt 0:05:12]} Rd2+ {[%emt 0:00:15]} 40. Rf2 {[%emt 0:00:05]} Rd3 {[%emt 0:00:02]} 41. Bb8 {[%emt 0:00:33]} a6 {[%emt 0:01:33]} 42. Ba7 {[%emt 0:02:05]} Re3 {[%emt 0:01:01]} 43. Bxb6 {[%emt 0:00:21]} Rxe4 {[%emt 0:00:03]} 44. a5 {[%emt 0:00:33]} c4 {[%emt 0:00:12]} 45. Kf3 {[%emt 0:00:55]} Re5 {[%emt 0:00:19]} 46. Rc2 {[%emt 0:00:13]} Rb5 {[%emt 0:00:11]} 47. Rxc4 {[%emt 0:01:10]} Rb3+ {[%emt 0:00:34]} 48. Rc3 {[%emt 0:00:42]} Rxb2 {[%emt 0:00:15]} 49. Rc6+ {[%emt 0:01:07]} Nf6 {[%emt 0:01:58]} 50. Bf2 {[%emt 0:00:30]} Kf5 {[%emt 0:00:54]} 51. Rxa6 {[%emt 0:01:00]} Ng4 {[%emt 0:00:58]} 52. Bd4 {[%emt 0:01:46]} Nxh2+ {[%emt 0:00:41]} 53. Ke3 {[%emt 0:00:07]} Rb3+ {[%emt 0:01:06]} 54. Ke2 {[%emt 0:00:26]} Rxg3 {[%emt 0:00:40]} 55. Ra8 {[%emt 0:00:17]} Rg2+ {[%emt 0:00:52]} 56. Kd3 {[%emt 0:01:00]} Nf3 {[%emt 0:00:38]} 57. Rf8+ {[%emt 0:00:57]} Kg4 {[%emt 0:00:05]} 58. Bxg7 {[%emt 0:00:31]} h5 {[%emt 0:00:06]} 59. Bc3 {[%emt 0:02:02]} Ra2 {[%emt 0:01:07]} 60. Kc4 {[%emt 0:01:19]} Nd2+ {[%emt 0:00:26]} 61. Kb4 {[%emt 0:01:06]} Ne4 {[%emt 0:00:44]} 62. Be5 {[%emt 0:00:50]} Nc5 {[%emt 0:01:15]} 63. Kxc5 {[%emt 0:00:23]} Rxa5+ {[%emt 0:00:01]} 64. Kd4 {[%emt 0:00:09]} Ra4+ {[%emt 0:01:39]} 65. Ke3 {[%emt 0:00:07]} h4 {[%emt 0:00:29]} 66. Rf1 {[%emt 0:00:23]} h3 {[%emt 0:00:26]} 67. Rf8 {[%emt 0:01:25]} h2 {[%emt 0:00:32]} 68. Bxh2 {[%emt 0:00:15]} Kg5 {[%emt 0:00:10]} 69. Be5 {[%emt 0:00:10]} Kg6 {[%emt 0:00:22]} 70. Bd4 {[%emt 0:00:08]} Ra2 {[%emt 0:02:02]} 71. Kf4 {[%emt 0:00:45]} Ra5 {[%emt 0:01:58]} 72. Rf6+ {[%emt 0:00:27]} Kh7 {[%emt 0:00:16]} 73. Be5 {[%emt 0:01:29]} Ra2 {[%emt 0:02:05]} 74. Kf5 {[%emt 0:00:22]} Rf2+ {[%emt 0:00:38]} 75. Bf4 {[%emt 0:00:02]} Rf1 {[%emt 0:00:31]} 76. Ke6 {[%emt 0:02:03]} Rg1 {[%emt 0:00:36]} 77. Rh6+ {[%emt 0:00:38]} Kg7 {[%emt 0:00:20]} 78. Rh2 {[%emt 0:00:08]} Kg6 {[%emt 0:00:32]} 79. Rh8 {[%emt 0:00:18]} Rg4 {[%emt 0:01:23]} 80. Be5 {[%emt 0:00:26]} Rg5 {[%emt 0:00:57]} 81. Bf4 {[%emt 0:00:42]} Rg4 {[%emt 0:00:04]} 82. Ke5 {[%emt 0:00:08]} Kg7 {[%emt 0:00:35]} 83. Ra8 {[%emt 0:00:04]} Rg1 {[%emt 0:01:37]} 84. Kf5 {[%emt 0:00:09]} Rf1 {[%emt 0:00:13]} 85. Ra7+ {[%emt 0:00:25]} Kf8 {[%emt 0:00:03]} 86. Ke5 {[%emt 0:00:16]} Kg8 {[%emt 0:00:25]} 87. Bg5 {[%emt 0:01:14]} Rf7 {[%emt 0:00:02]} 88. Be7 {[%emt 0:00:21]} Rf1 {[%emt 0:01:19]} 89. Bf6 {[%emt 0:00:08]} Kf8 {[%emt 0:00:41]} 90. Ke6 {[%emt 0:00:10]} Re1+ {[%emt 0:00:32]} 91. Be5 {[%emt 0:00:08]} Kg8 {[%emt 0:00:09]} 92. Ra2 {[%emt 0:01:47]} Rf1 {[%emt 0:00:58]} 93. Rh2 {[%emt 0:00:20]} 1-0

[Event "9th RTU Open 2019"]
[Site "Riga"]
[Date "2019.08.07"]
[Round "4.20"]
[White "Afanasiev, Vadim"]
[Black "Jurcik, Marian"]
[Result "1/2-1/2"]
[WhiteElo "2263"]
[BlackElo "2501"]
[Annotator "ChessBase"]
[PlyCount "28"]
[EventDate "2019.08.05"]
[EventType "swiss"]
[EventCountry "LAT"]
[SourceTitle "playchess.com"]
[Source "ChessBase"]
[SourceQuality "1"]
[TimeControl "5400+30"]

1. d4 {[%emt 0:00:00]} d5 {[%emt 0:00:00]} 2. c4 {[%emt 0:00:00]} e6 {[%emt 0:00:21]} 3. Nc3 {[%emt 0:00:00]} a6 {[%emt 0:00:32]} 4. cxd5 {[%emt 0:01:34]} exd5 {[%emt 0:00:10]} 5. Bf4 {[%emt 0:00:19]} Nf6 {[%emt 0:00:52]} 6. e3 {[%emt 0:00:24]} Bd6 {[%emt 0:00:29]} 7. Bg5 {[%emt 0:01:37]} Be6 {[%emt 0:05:52]} 8. Bd3 {[%emt 0:01:02]} h6 {[%emt 0:06:02]} 9. Bh4 {[%emt 0:02:03]} Nbd7 {[%emt 0:00:34]} 10. f4 {[%emt 0:03:16]} Nb6 {[%emt 0:29:57]} 11. Nf3 {[%emt 0:03:27]} Bg4 {[%emt 0:01:45]} 12. h3 {[%emt 0:06:37]} Bxf3 {[%emt 0:00:08]} 13. Qxf3 {[%emt 0:00:07]} Be7 {[%emt 0:00:56]} 14. O-O-O {[%emt 0:09:36]} Qd6 {[%emt 0:08:51]} 1/2-1/2

[Event "9th RTU Open 2019"]
[Site "Riga"]
[Date "2019.08.07"]
[Round "4.21"]
[White "Siniauski, Artsiom"]
[Black "Zanan, Evgeny"]
[Result "1/2-1/2"]
[WhiteElo "2205"]
[BlackElo "2505"]
[Annotator "ChessBase"]
[PlyCount "50"]
[EventDate "2019.08.05"]
[EventType "swiss"]
[EventCountry "LAT"]
[SourceTitle "playchess.com"]
[Source "ChessBase"]
[SourceQuality "1"]
[TimeControl "5400+30"]

1. e4 {[%emt 0:00:00]} c5 {[%emt 0:00:17]} 2. Nf3 {[%emt 0:00:00]} a6 {[%emt 0:00:12]} 3. c4 {[%emt 0:00:27]} Nc6 {[%emt 0:04:09]} 4. Nc3 {[%emt 0:01:59]} e5 {[%emt 0:03:20]} 5. Be2 {[%emt 0:03:19]} d6 {[%emt 0:01:19]} 6. a3 {[%emt 0:06:51]} a5 {[%emt 0:07:26]} 7. d3 {[%emt 0:03:18]} Be7 {[%emt 0:04:04]} 8. Nd5 {[%emt 0:07:02]} f5 {[%emt 0:02:29]} 9. Qb3 {[%emt 0:11:49]} Ra6 {[%emt 0:10:43]} 10. Be3 {[%emt 0:09:30]} Nf6 {[%emt 0:01:45]} 11. exf5 {[%emt 0:01:26]} Nxd5 {[%emt 0:10:24]} 12. cxd5 {[%emt 0:00:15]} Nd4 {[%emt 0:06:11]} 13. Bxd4 {[%emt 0:04:25]} a4 {[%emt 0:08:05]} 14. Qb5+ {[%emt 0:07:03]} Bd7 {[%emt 0:00:08]} 15. Qxb7 {[%emt 0:00:12]} Rb6 {[%emt 0:00:05]} 16. Qa7 {[%emt 0:00:09]} exd4 {[%emt 0:08:19]} 17. Nd2 {[%emt 0:02:07]} Rxb2 {[%emt 0:08:34]} 18. Nc4 {[%emt 0:11:56]} Rb8 {[%emt 0:02:12]} 19. Bh5+ {[%emt 0:02:51]} Kf8 {[%emt 0:00:36]} 20. Bg4 {[%emt 0:00:24]} h5 {[%emt 0:06:24]} 21. Bh3 {[%emt 0:01:27]} Bb5 {[%emt 0:00:11]} 22. O-O {[%emt 0:03:59]} Ra8 {[%emt 0:01:04]} 23. Qb7 {[%emt 0:01:30]} Rb8 {[%emt 0:00:11]} 24. Qa7 {[%emt 0:00:30]} Ra8 {[%emt 0:00:05]} 25. Qb7 {[%emt 0:02:26]} Rb8 {[%emt 0:00:05]} 1/2-1/2

[Event "9th RTU Open 2019"]
[Site "Riga"]
[Date "2019.08.07"]
[Round "4.22"]
[White "Olde, Margareth"]
[Black "Hirneise, Tobias"]
[Result "0-1"]
[WhiteElo "2126"]
[BlackElo "2459"]
[Annotator "ChessBase"]
[PlyCount "62"]
[EventDate "2019.08.05"]
[EventType "swiss"]
[EventCountry "LAT"]
[SourceTitle "playchess.com"]
[Source "ChessBase"]
[SourceQuality "1"]
[TimeControl "5400+30"]

1. d4 {[%emt 0:00:00]} d5 {[%emt 0:08:43]} 2. c4 {[%emt 0:00:00]} c6 {[%emt 0:00:11]} 3. Nf3 {[%emt 0:00:00]} Nf6 {[%emt 0:00:08]} 4. e3 {[%emt 0:00:00]} Bf5 {[%emt 0:00:05]} 5. Nc3 {[%emt 0:00:03]} e6 {[%emt 0:00:02]} 6. Nh4 {[%emt 0:00:18]} Be4 {[%emt 0:00:02]} 7. f3 {[%emt 0:00:10]} Bg6 {[%emt 0:00:03]} 8. Qb3 {[%emt 0:00:16]} Qc7 {[%emt 0:00:01]} 9. Bd2 {[%emt 0:00:29]} Be7 {[%emt 0:00:07]} 10. g3 {[%emt 0:00:13]} O-O {[%emt 0:00:44]} 11. Nxg6 {[%emt 0:00:38]} hxg6 {[%emt 0:00:04]} 12. Rc1 {[%emt 0:04:29]} Qd7 {[%emt 0:00:19]} 13. cxd5 {[%emt 0:08:41]} cxd5 {[%emt 0:04:55]} 14. Bb5 {[%emt 0:08:16]} Nc6 {[%emt 0:00:08]} 15. O-O {[%emt 0:00:19]} Rfc8 {[%emt 0:07:58]} 16. Na4 {[%emt 0:13:03]} Bd6 {[%emt 0:02:47]} 17. Rc2 {[%emt 0:06:36]} g5 {[%emt 0:14:26]} 18. g4 {[%emt 0:12:59]} Qe7 {[%emt 0:10:14]} 19. Nc5 {[%emt 0:14:49]} e5 {[%emt 0:14:31]} 20. Nxb7 {[%emt 0:12:37]} Nxd4 {[%emt 0:00:23]} 21. exd4 {[%emt 0:00:04]} Qxb7 {[%emt 0:07:13]} 22. Rxc8+ {[%emt 0:00:04]} Rxc8 {[%emt 0:00:32]} 23. dxe5 {[%emt 0:02:55]} Bxe5 {[%emt 0:00:57]} 24. Bxg5 {[%emt 0:01:26]} Rb8 {[%emt 0:01:51]} 25. Ba4 {[%emt 0:07:09]} Qa6 {[%emt 0:08:07]} 26. Qd1 {[%emt 0:00:04]} Rxb2 {[%emt 0:01:39]} 27. f4 {[%emt 0:01:50]} Nxg4 {[%emt 0:01:25]} 28. Bc2 {[%emt 0:04:44]} Qb6+ {[%emt 0:02:17]} 29. Kh1 {[%emt 0:00:15]} Nf2+ {[%emt 0:00:26]} 30. Rxf2 {[%emt 0:00:16]} Qxf2 {[%emt 0:00:05]} 31. Bh4 {[%emt 0:01:32]} Qxc2 {[%emt 0:00:35]} 0-1